{"text_format":"3","workbook":"xlsx","n_sheets":1,"sheets":["t206"],"read":"whole","date_system":"1900"}

{"sheet":"t206","index":0,"n_rows":210,"n_cols":7,"rows_kept":210,"merged":[[0,0,0,6],[30,0,30,5],[50,0,50,5],[163,0,163,5]]}
["TABELA 206.1 - Estatísticas Agrícolas, Município de Guararapes, Estado de São Paulo, 2007/08."]
["ITEM","UNIDADE","N.DE UPAs","MÍNIMO","MÉDIO","MÁXIMO","TOTAL"]
["Distância à sede do município","km",767,0.1,{"v":11.08,"d":"11.1"},{"v":45,"d":"45.0"},"-"]
["Área total","hectare",767,0.5,{"v":120.96,"d":"121.0"},{"v":3339.6,"d":"3,339.6"},{"v":92772.8,"d":"92,772.8"}]
["Área com cultura perene","hectare",33,0.1,{"v":37.72,"d":"37.7"},{"v":749,"d":"749.0"},{"v":1244.8,"d":"1,244.8"}]
["Área com cultura temporária","hectare",393,0.2,128.2,{"v":3193,"d":"3,193.0"},{"v":50383.9,"d":"50,383.9"}]
["Área com pastagem","hectare",566,0.5,{"v":58.83,"d":"58.8"},{"v":1535.9,"d":"1,535.9"},{"v":33298.2,"d":"33,298.2"}]
["Área com reflorestamento","hectare",59,0.1,{"v":6.66,"d":"6.7"},85.2,392.9]
["Área com vegetação natural","hectare",179,0.1,{"v":21.45,"d":"21.5"},814.7,{"v":3839.7,"d":"3,839.7"}]
["Área com vegetação de brejo e várzea","hectare",207,0.1,{"v":9.72,"d":"9.7"},485.5,{"v":2012.8,"d":"2,012.8"}]
["Área em descanso","hectare",15,0.2,{"v":11.33,"d":"11.3"},125.3,169.9]
["Área complementar","hectare",539,0.1,{"v":2.65,"d":"2.7"},73.7,{"v":1430.6,"d":"1,430.6"}]
["Área das UPAs com (0, 1] ha","hectare",5,0.5,{"v":0.66,"d":"0.7"},{"v":1,"d":"1.0"},3.3]
["Área das UPAs com (1, 2] ha","hectare",8,1.2,{"v":1.61,"d":"1.6"},{"v":2,"d":"2.0"},12.9]
["Área das UPAs com (2, 5] ha","hectare",72,2.3,{"v":3.64,"d":"3.6"},{"v":5,"d":"5.0"},262.1]
["Área das UPAs com (5, 10] ha","hectare",90,5.1,{"v":7.37,"d":"7.4"},{"v":10,"d":"10.0"},662.9]
["Área das UPAs com (10, 20] ha","hectare",138,10.2,{"v":14.63,"d":"14.6"},{"v":20,"d":"20.0"},{"v":2018.6,"d":"2,018.6"}]
["Área das UPAs com (20, 50] ha","hectare",173,20.5,{"v":32.25,"d":"32.3"},{"v":50,"d":"50.0"},{"v":5578.6,"d":"5,578.6"}]
["Área das UPAs com (50, 100] ha","hectare",103,50.1,{"v":69.64,"d":"69.6"},99.2,{"v":7172.8,"d":"7,172.8"}]
["Área das UPAs com (100, 200] ha","hectare",74,100.8,139.3,199.5,{"v":10308.4,"d":"10,308.4"}]
["Área das UPAs com (200, 500] ha","hectare",64,{"v":202,"d":"202.0"},{"v":300.28,"d":"300.3"},{"v":484,"d":"484.0"},{"v":19218.1,"d":"19,218.1"}]
["Área das UPAs com (500, 1.000] ha","hectare",23,518.4,{"v":749.47,"d":"749.5"},{"v":968,"d":"968.0"},{"v":17237.7,"d":"17,237.7"}]
["Área das UPAs com (1.000, 2.000] ha","hectare",11,{"v":1062.5,"d":"1,062.5"},{"v":1389.55,"d":"1,389.6"},{"v":1992.8,"d":"1,992.8"},{"v":15285.1,"d":"15,285.1"}]
["Área das UPAs com (2.000, 5.000] ha","hectare",6,{"v":2043.2,"d":"2,043.2"},{"v":2502.05,"d":"2,502.1"},{"v":3339.6,"d":"3,339.6"},{"v":15012.3,"d":"15,012.3"}]
["Área das UPAs com (5.000, 10.000] ha","hectare","-","-","-","-","-"]
["Área das UPAs acima de 10.000 ha","hectare","-","-","-","-","-"]
["Familiares do proprietário que trabalham na UPA","unidade",600,{"v":1,"d":"1.0"},{"v":1.62,"d":"1.6"},{"v":12,"d":"12.0"},{"v":972,"d":"972.0"}]
["Trabalhadores permanentes","unidade",188,{"v":1,"d":"1.0"},{"v":3.15,"d":"3.2"},{"v":62,"d":"62.0"},{"v":592,"d":"592.0"}]
["Fonte: Secretaria de Agricultura e Abastecimento, CDRS/IEA, Projeto LUPA."]
[]
["TABELA 206.2 - Explorações Animais, Município de Guararapes, Estado de São Paulo, 2007/08."]
["ITEM","UNIDADE","N.DE UPAs","MÍNIMO","MÉDIO","MÁXIMO","TOTAL"]
["Asininos E Muares","cabeças",7,{"v":1,"d":"1.0"},{"v":9.86,"d":"9.9"},{"v":30,"d":"30.0"},{"v":69,"d":"69.0"}]
["Avestruzes e Ema (Criadouro)","cabeças",1,{"v":10,"d":"10.0"},{"v":10,"d":"10.0"},{"v":10,"d":"10.0"},{"v":10,"d":"10.0"}]
["Avicultura de Corte","cabeças/ano",1,{"v":1500,"d":"1,500.0"},{"v":1500,"d":"1,500.0"},{"v":1500,"d":"1,500.0"},{"v":1500,"d":"1,500.0"}]
["Avicultura Ornamental/Decorativa/Exótica","cabeças",1,{"v":18,"d":"18.0"},{"v":18,"d":"18.0"},{"v":18,"d":"18.0"},{"v":18,"d":"18.0"}]
["Avicultura para Ovos","cabeças",20,{"v":200,"d":"200.0"},{"v":83319,"d":"83,319.0"},{"v":1100000,"d":"1,100,000.0"},{"v":1666380,"d":"1,666,380.0"}]
["Bovinocultura de Corte","cabeças",286,{"v":1,"d":"1.0"},{"v":163.64,"d":"163.6"},{"v":2865,"d":"2,865.0"},{"v":46802,"d":"46,802.0"}]
["Bovinocultura Leiteira","cabeças",83,{"v":1,"d":"1.0"},{"v":35.65,"d":"35.7"},{"v":156,"d":"156.0"},{"v":2959,"d":"2,959.0"}]
["Bovinocultura Mista","cabeças",165,{"v":3,"d":"3.0"},{"v":42.75,"d":"42.8"},{"v":380,"d":"380.0"},{"v":7053,"d":"7,053.0"}]
["Bubalinocultura","cabeças",3,{"v":2,"d":"2.0"},{"v":13.33,"d":"13.3"},{"v":31,"d":"31.0"},{"v":40,"d":"40.0"}]
["Caprinocultura","cabeças",5,{"v":12,"d":"12.0"},28.6,{"v":50,"d":"50.0"},{"v":143,"d":"143.0"}]
["Equinocultura","cabeças",200,{"v":1,"d":"1.0"},{"v":5.49,"d":"5.5"},{"v":82,"d":"82.0"},{"v":1097,"d":"1,097.0"}]
["Outra Exploração Animal","cabeças",1,{"v":50,"d":"50.0"},{"v":50,"d":"50.0"},{"v":50,"d":"50.0"},{"v":50,"d":"50.0"}]
["Ovinocultura","cabeças",35,{"v":3,"d":"3.0"},39.2,{"v":300,"d":"300.0"},{"v":1372,"d":"1,372.0"}]
["Piscicultura","m² tanques",4,{"v":5,"d":"5.0"},{"v":2351.25,"d":"2,351.3"},{"v":5000,"d":"5,000.0"},{"v":9405,"d":"9,405.0"}]
["Ranicultura","girinos/ano",1,{"v":500,"d":"500.0"},{"v":500,"d":"500.0"},{"v":500,"d":"500.0"},{"v":500,"d":"500.0"}]
["Suinocultura","cabeças",55,{"v":1,"d":"1.0"},{"v":100.36,"d":"100.4"},{"v":3400,"d":"3,400.0"},{"v":5520,"d":"5,520.0"}]
["Fonte: Secretaria de Agricultura e Abastecimento, CDRS/IEA, Projeto LUPA."]
[]
["TABELA 206.3 -  Máquinas, Implementos e Benfeitorias, Município de Guararapes, Estado de São Paulo, 2007/08."]
["ITEM","UNIDADE","N.DE UPAs","MÍNIMO","MÉDIO","MÁXIMO","TOTAL"]
["Arado Comum (Bacia, Aiveca)","Unidade",130,{"v":1,"d":"1.0"},{"v":1.52,"d":"1.5"},{"v":12,"d":"12.0"},{"v":197,"d":"197.0"}]
["Arado Escarificador","Unidade",72,{"v":1,"d":"1.0"},{"v":1.58,"d":"1.6"},{"v":9,"d":"9.0"},{"v":114,"d":"114.0"}]
["Arado Subsolador","Unidade",30,{"v":1,"d":"1.0"},1.1,{"v":2,"d":"2.0"},{"v":33,"d":"33.0"}]
["Batedeira de Cereais","Unidade",27,{"v":1,"d":"1.0"},{"v":1.07,"d":"1.1"},{"v":2,"d":"2.0"},{"v":29,"d":"29.0"}]
["Câmara Fria","Unidade",1,{"v":1,"d":"1.0"},{"v":1,"d":"1.0"},{"v":1,"d":"1.0"},{"v":1,"d":"1.0"}]
["Carregadeira de Cana","Unidade",3,{"v":1,"d":"1.0"},{"v":1,"d":"1.0"},{"v":1,"d":"1.0"},{"v":3,"d":"3.0"}]
["Colhedeira Acoplada","Unidade",21,{"v":1,"d":"1.0"},1.1,{"v":2,"d":"2.0"},{"v":23,"d":"23.0"}]
["Colhedeira Automotriz","Unidade",15,{"v":1,"d":"1.0"},{"v":1.13,"d":"1.1"},{"v":2,"d":"2.0"},{"v":17,"d":"17.0"}]
["Conj.Irrigação Autopropelido","Unidade",1,{"v":1,"d":"1.0"},{"v":1,"d":"1.0"},{"v":1,"d":"1.0"},{"v":1,"d":"1.0"}]
["Conj.Irrigação Convencional","Unidade",22,{"v":1,"d":"1.0"},{"v":1.32,"d":"1.3"},{"v":4,"d":"4.0"},{"v":29,"d":"29.0"}]
["Conj.Irrigação Pivot Central","Unidade",4,{"v":1,"d":"1.0"},2.5,{"v":5,"d":"5.0"},{"v":10,"d":"10.0"}]
["Conj.Irrigação/Gotejamento/Microaspersão","Unidade",6,{"v":1,"d":"1.0"},{"v":1.17,"d":"1.2"},{"v":2,"d":"2.0"},{"v":7,"d":"7.0"}]
["Conjunto de Fenação","Unidade",12,{"v":1,"d":"1.0"},{"v":1.17,"d":"1.2"},{"v":3,"d":"3.0"},{"v":14,"d":"14.0"}]
["Desintegrador de Palha (Plantio Direto)","Unidade",6,{"v":1,"d":"1.0"},{"v":1,"d":"1.0"},{"v":1,"d":"1.0"},{"v":6,"d":"6.0"}]
["Desintegrador, Picador, Triturador","Unidade",141,{"v":1,"d":"1.0"},1.1,{"v":3,"d":"3.0"},{"v":155,"d":"155.0"}]
["Distribuidor de Calcário","Unidade",48,{"v":1,"d":"1.0"},{"v":1.21,"d":"1.2"},{"v":4,"d":"4.0"},{"v":58,"d":"58.0"}]
["Ensiladeira","Unidade",36,{"v":1,"d":"1.0"},{"v":1.31,"d":"1.3"},{"v":7,"d":"7.0"},{"v":47,"d":"47.0"}]
["Grade Aradora (Tipo Romi)","Unidade",65,{"v":1,"d":"1.0"},{"v":1.29,"d":"1.3"},{"v":6,"d":"6.0"},{"v":84,"d":"84.0"}]
["Grade Niveladora","Unidade",115,{"v":1,"d":"1.0"},{"v":1.31,"d":"1.3"},{"v":6,"d":"6.0"},{"v":151,"d":"151.0"}]
["Implementos para Tração Animal","Unidade",16,{"v":1,"d":"1.0"},{"v":1.75,"d":"1.8"},{"v":4,"d":"4.0"},{"v":28,"d":"28.0"}]
["Máquina de Classificar Frutas","Unidade",1,{"v":5,"d":"5.0"},{"v":5,"d":"5.0"},{"v":5,"d":"5.0"},{"v":5,"d":"5.0"}]
["Microtrator","Unidade",11,{"v":1,"d":"1.0"},{"v":1.09,"d":"1.1"},{"v":2,"d":"2.0"},{"v":12,"d":"12.0"}]
["Misturador de Ração","Unidade",33,{"v":1,"d":"1.0"},{"v":1.18,"d":"1.2"},{"v":3,"d":"3.0"},{"v":39,"d":"39.0"}]
["Ordenhadeira Mecânica","Unidade",21,{"v":1,"d":"1.0"},{"v":1,"d":"1.0"},{"v":1,"d":"1.0"},{"v":21,"d":"21.0"}]
["Pulverizador Tratorizado","Unidade",97,{"v":1,"d":"1.0"},{"v":1.37,"d":"1.4"},{"v":5,"d":"5.0"},{"v":133,"d":"133.0"}]
["Resfriador de Leite, Tanque Expansão","Unidade",20,{"v":1,"d":"1.0"},{"v":1.15,"d":"1.2"},{"v":3,"d":"3.0"},{"v":23,"d":"23.0"}]
["Semeadeira/Adubadeira para Plantio Convencional","Unidade",63,{"v":1,"d":"1.0"},{"v":1.17,"d":"1.2"},{"v":4,"d":"4.0"},{"v":74,"d":"74.0"}]
["Semeadeira/Plantadeira Plantio Direto","Unidade",30,{"v":1,"d":"1.0"},{"v":1.43,"d":"1.4"},{"v":5,"d":"5.0"},{"v":43,"d":"43.0"}]
["Terraceador","Unidade",21,{"v":1,"d":"1.0"},{"v":1.24,"d":"1.2"},{"v":4,"d":"4.0"},{"v":26,"d":"26.0"}]
["Trator de Esteiras","Unidade",8,{"v":1,"d":"1.0"},{"v":2,"d":"2.0"},{"v":8,"d":"8.0"},{"v":16,"d":"16.0"}]
["Trator de Pneus","Unidade",208,{"v":1,"d":"1.0"},{"v":1.93,"d":"1.9"},{"v":60,"d":"60.0"},{"v":401,"d":"401.0"}]
["Açude/Represa","Unidade",206,{"v":1,"d":"1.0"},{"v":1.95,"d":"2.0"},{"v":9,"d":"9.0"},{"v":401,"d":"401.0"}]
["Almoxarifado/Oficina","Unidade",55,{"v":1,"d":"1.0"},{"v":1.16,"d":"1.2"},{"v":4,"d":"4.0"},{"v":64,"d":"64.0"}]
["Armazém para Grãos Ensacados","Sacas",28,{"v":1,"d":"1.0"},{"v":226.21,"d":"226.2"},{"v":5000,"d":"5,000.0"},{"v":6334,"d":"6,334.0"}]
["Balança para Bovinos","Unidade",36,{"v":1,"d":"1.0"},{"v":1.11,"d":"1.1"},{"v":2,"d":"2.0"},{"v":40,"d":"40.0"}]
["Balança para Veículos","Unidade",8,{"v":1,"d":"1.0"},{"v":1,"d":"1.0"},{"v":1,"d":"1.0"},{"v":8,"d":"8.0"}]
["Barracão para Bicho da Seda/Sirgaria","Unidade",1,{"v":1,"d":"1.0"},{"v":1,"d":"1.0"},{"v":1,"d":"1.0"},{"v":1,"d":"1.0"}]
["Barracão para Cultivo de Cogumelo","Unidade",2,{"v":1,"d":"1.0"},1.5,{"v":2,"d":"2.0"},{"v":3,"d":"3.0"}]
["Barracão para Granja/Avicultura","Unidade",24,{"v":1,"d":"1.0"},{"v":16.96,"d":"17.0"},{"v":38,"d":"38.0"},{"v":407,"d":"407.0"}]
["Barracão/Galpão/Garagem","Unidade",209,{"v":1,"d":"1.0"},{"v":1.22,"d":"1.2"},{"v":5,"d":"5.0"},{"v":254,"d":"254.0"}]
["Casa de Moradia Habitada","Unidade",437,{"v":1,"d":"1.0"},1.8,{"v":70,"d":"70.0"},{"v":786,"d":"786.0"}]
["Casa de Moradia Total","Unidade",405,{"v":1,"d":"1.0"},{"v":2.17,"d":"2.2"},{"v":97,"d":"97.0"},{"v":880,"d":"880.0"}]
["Curral/Mangueira","Unidade",441,{"v":1,"d":"1.0"},{"v":1.06,"d":"1.1"},{"v":3,"d":"3.0"},{"v":466,"d":"466.0"}]
["Depósito/Tulha","Unidade",228,{"v":1,"d":"1.0"},{"v":1.16,"d":"1.2"},{"v":4,"d":"4.0"},{"v":264,"d":"264.0"}]
["Estábulo","Unidade",9,{"v":1,"d":"1.0"},{"v":1.11,"d":"1.1"},{"v":2,"d":"2.0"},{"v":10,"d":"10.0"}]
["Estufa/Plasticultura","m²",7,{"v":1,"d":"1.0"},{"v":101.43,"d":"101.4"},{"v":700,"d":"700.0"},{"v":710,"d":"710.0"}]
["Fábrica de Farinha","Unidade",1,{"v":1,"d":"1.0"},{"v":1,"d":"1.0"},{"v":1,"d":"1.0"},{"v":1,"d":"1.0"}]
["Fábrica de Ração","Unidade",19,{"v":1,"d":"1.0"},{"v":1,"d":"1.0"},{"v":1,"d":"1.0"},{"v":19,"d":"19.0"}]
["Instalações para Equinos","Unidade",4,{"v":1,"d":"1.0"},{"v":1,"d":"1.0"},{"v":1,"d":"1.0"},{"v":4,"d":"4.0"}]
["Máquina de Benefício","Unidade",3,{"v":1,"d":"1.0"},{"v":1,"d":"1.0"},{"v":1,"d":"1.0"},{"v":3,"d":"3.0"}]
["Olaria","Unidade",2,{"v":1,"d":"1.0"},{"v":1,"d":"1.0"},{"v":1,"d":"1.0"},{"v":2,"d":"2.0"}]
["Packing House","Unidade",2,{"v":1,"d":"1.0"},{"v":1,"d":"1.0"},{"v":1,"d":"1.0"},{"v":2,"d":"2.0"}]
["Pocilga","Unidade",57,{"v":1,"d":"1.0"},{"v":1.07,"d":"1.1"},{"v":3,"d":"3.0"},{"v":61,"d":"61.0"}]
["Poço Semi-Artesiano","Unidade",70,{"v":1,"d":"1.0"},{"v":1.21,"d":"1.2"},{"v":7,"d":"7.0"},{"v":85,"d":"85.0"}]
["Posto Meteorológico","Unidade",1,{"v":1,"d":"1.0"},{"v":1,"d":"1.0"},{"v":1,"d":"1.0"},{"v":1,"d":"1.0"}]
["Secador de Grãos","Unidade",3,{"v":1,"d":"1.0"},{"v":1.33,"d":"1.3"},{"v":2,"d":"2.0"},{"v":4,"d":"4.0"}]
["Silo para Grãos","t",9,{"v":1,"d":"1.0"},{"v":460.78,"d":"460.8"},{"v":3240,"d":"3,240.0"},{"v":4147,"d":"4,147.0"}]
["Silo para Silagem","t",11,{"v":1,"d":"1.0"},{"v":75.27,"d":"75.3"},{"v":500,"d":"500.0"},{"v":828,"d":"828.0"}]
["Terreiro","m²",33,{"v":1,"d":"1.0"},{"v":211.73,"d":"211.7"},{"v":1600,"d":"1,600.0"},{"v":6987,"d":"6,987.0"}]
["Usina de Açúcar/destilaria","Unidade",3,{"v":1,"d":"1.0"},{"v":1,"d":"1.0"},{"v":1,"d":"1.0"},{"v":3,"d":"3.0"}]
["Fonte: Secretaria de Agricultura e Abastecimento, CDRS/IEA, Projeto LUPA."]
[]
["TABELA 206.4 - Outras Estatísticas Agrícolas, Município de Guararapes, Estado de São Paulo, 2007/08."]
["ITEM","Número de UPAs",null,"Percentual"]
["Faz Parte de Associação de Produtores",122,null,{"v":15.90612777053455,"d":"15.9"}]
["Faz Parte de Cooperativa de Produtores",218,null,{"v":28.422425032594525,"d":"28.4"}]
["Faz Parte do Sindicato de Produtores",104,null,{"v":13.559322033898304,"d":"13.6"}]
["Não utiliza assistência técnica ",292,null,{"v":38.07040417209909,"d":"38.1"}]
["Utiliza somente assistência técnica governamental ",210,null,{"v":27.379400260756192,"d":"27.4"}]
["Utiliza somente assistência técnica privada ",150,null,{"v":19.55671447196871,"d":"19.6"}]
["Utiliza assistência técnica tanto governamental quanto privada",115,null,{"v":14.993481095176012,"d":"15.0"}]
["Utiliza Crédito Rural",130,null,{"v":16.949152542372882,"d":"16.9"}]
["Utiliza Seguro Rural",35,null,{"v":4.563233376792699,"d":"4.6"}]
["Utiliza Escrituração Agrícola",519,null,{"v":67.66623207301174,"d":"67.7"}]
["Acessa Internet p/ Fins na Agropecuária",42,null,{"v":5.475880052151239,"d":"5.5"}]
["Utiliza Computador nas Atividades Agropecuárias",59,null,{"v":7.6923076923076925,"d":"7.7"}]
["Utiliza Energia Elétrica Para Uso na Atividade Agrícola",547,null,{"v":71.31681877444589,"d":"71.3"}]
["Realiza Análise de Solo, quando necessário",348,null,{"v":45.371577574967404,"d":"45.4"}]
["Utiliza Práticas de Conservação de Solo, quando necessário",576,null,{"v":75.09778357235984,"d":"75.1"}]
["Faz Adubação Mineral, quando necessário",465,null,{"v":60.625814863103,"d":"60.6"}]
["Faz Adubação Orgânica, quando necessário",142,null,{"v":18.513689700130378,"d":"18.5"}]
["Faz Adubação Verde, quando necessário",29,null,{"v":3.780964797913951,"d":"3.8"}]
["Utiliza Manejo Integrado de Pragas (MIP)",24,null,{"v":3.1290743155149934,"d":"3.1"}]
["Utiliza Hidroponia",1,null,{"v":0.1303780964797914,"d":"0.1"}]
["Utiliza Plasticultura",2,null,{"v":0.2607561929595828,"d":"0.3"}]
["Utiliza Mudas Fiscalizadas",50,null,{"v":6.51890482398957,"d":"6.5"}]
["Utiliza Semente Melhorada",139,null,{"v":18.122555410691003,"d":"18.1"}]
["Faz Confinamento de Bovinos",45,null,{"v":5.867014341590613,"d":"5.9"}]
["Utiliza Pastejo Intensivo",418,null,{"v":54.4980443285528,"d":"54.5"}]
["Faz Inseminação Artificial",21,null,{"v":2.7379400260756195,"d":"2.7"}]
["Faz Mineralização do Rebanho",488,null,{"v":63.6245110821382,"d":"63.6"}]
["Faz Vermifugação do Rebanho",490,null,{"v":63.88526727509778,"d":"63.9"}]
["Possui Parceiros /Arrendatários na Exploração Animal",61,null,{"v":7.953063885267275,"d":"8.0"}]
["Esporte e lazer",1,null,{"v":0.1303780964797914,"d":"0.1"}]
["Extração mineral","-",null,"-"]
["Hotel Fazenda, Pousada ou SPA","-",null,"-"]
["Pesque-pague",1,null,{"v":0.1303780964797914,"d":"0.1"}]
["Restaurante ou Lanchonete","-",null,"-"]
["Transformação artesanal","-",null,"-"]
["Turismo rural ou ecoturismo","-",null,"-"]
["Outras atividades econômicas rurais","-",null,"-"]
["Agroindústria",1,null,{"v":0.1303780964797914,"d":"0.1"}]
["Proprietário sem instrução ou com instrução incompleta",53,null,{"v":6.910039113428945,"d":"6.9"}]
["Proprietário com antigo primário completo",270,null,{"v":35.202086049543674,"d":"35.2"}]
["Proprietário com 1° grau (ou antigo ginasial) completo",56,null,{"v":7.301173402868319,"d":"7.3"}]
["Proprietário com 2° grau (ou antigo colegial) completo",138,null,{"v":17.99217731421121,"d":"18.0"}]
["Proprietário com curso superior completo ",230,null,{"v":29.986962190352024,"d":"30.0"}]
["Pessoa Jurídica",20,null,{"v":2.607561929595828,"d":"2.6"}]
["Proprietário residente na própria UPA ",154,null,{"v":20.078226857887874,"d":"20.1"}]
["Fonte: Secretaria de Agricultura e Abastecimento, CDRS/IEA, Projeto LUPA."]
[]
["TABELA 206.5 - Área Cultivada, Município de Guararapes, Estado de São Paulo, 2007/08."]
["CULTURA","N.DE UPAs","MÍNIMO","MÉDIO","MÁXIMO","TOTAL"]
["Cana-de-acucar",276,0.2,168.7,{"v":3193,"d":"3,193.0"},{"v":46561.1,"d":"46,561.1"}]
["Braquiaria",529,0.5,56.1,{"v":1535.9,"d":"1,535.9"},{"v":29675.7,"d":"29,675.7"}]
["Milho",116,0.4,{"v":29.15,"d":"29.2"},{"v":441,"d":"441.0"},{"v":3381.1,"d":"3,381.1"}]
["Coloniao",59,{"v":2,"d":"2.0"},{"v":57.17,"d":"57.2"},{"v":699,"d":"699.0"},{"v":3373.1,"d":"3,373.1"}]
["Seringueira",13,12.4,{"v":89.07,"d":"89.1"},743.5,{"v":1157.9,"d":"1,157.9"}]
["Eucalipto",58,0.1,{"v":6.74,"d":"6.7"},85.2,390.9]
["Gramas",20,0.5,8.1,69.2,{"v":162,"d":"162.0"}]
["Soja",6,4.6,{"v":26.28,"d":"26.3"},48.4,157.7]
["Feijao",4,12.1,{"v":22,"d":"22.0"},{"v":30,"d":"30.0"},{"v":88,"d":"88.0"}]
["Capim-napier (ou capim-elefante)",16,0.4,{"v":5.46,"d":"5.5"},63.1,87.4]
["Sorgo",4,7.2,{"v":14.73,"d":"14.7"},{"v":30,"d":"30.0"},58.9]
["Tomate rasteiro",2,{"v":20,"d":"20.0"},22.1,24.2,44.2]
["Milho-silagem",4,4.8,{"v":8.65,"d":"8.7"},{"v":20,"d":"20.0"},34.6]
["Manga",2,{"v":6,"d":"6.0"},{"v":14.75,"d":"14.8"},23.5,29.5]
["Cafe",11,0.1,{"v":2.66,"d":"2.7"},12.1,29.3]
["Sorgo-vassoura",7,{"v":1,"d":"1.0"},3.8,{"v":13,"d":"13.0"},26.6]
["Quiabo",4,0.5,{"v":4.55,"d":"4.6"},14.5,18.2]
["Melancia",1,15.7,15.7,15.7,15.7]
["Coco-da-baia",4,{"v":1,"d":"1.0"},{"v":3.13,"d":"3.1"},5.5,12.5]
["Banana",4,0.1,{"v":2,"d":"2.0"},4.8,{"v":8,"d":"8.0"}]
["Alface",5,0.1,{"v":0.82,"d":"0.8"},{"v":2,"d":"2.0"},4.1]
["Pomar domestico",2,1.8,1.8,1.8,3.6]
["Brocolos (ou brocolis)",1,2.7,2.7,2.7,2.7]
["Tomate envarado",2,0.2,1.1,{"v":2,"d":"2.0"},2.2]
["Mandioca",1,1.8,1.8,1.8,1.8]
["Lichia",1,1.5,1.5,1.5,1.5]
["Mangustao",1,1.5,1.5,1.5,1.5]
["Couve-flor",2,0.1,0.7,1.3,1.4]
["Outras olericolas",1,{"v":1,"d":"1.0"},{"v":1,"d":"1.0"},{"v":1,"d":"1.0"},{"v":1,"d":"1.0"}]
["Berinjela",2,0.1,0.5,0.9,{"v":1,"d":"1.0"}]
["Outras florestais",1,{"v":1,"d":"1.0"},{"v":1,"d":"1.0"},{"v":1,"d":"1.0"},{"v":1,"d":"1.0"}]
["Teca",1,{"v":1,"d":"1.0"},{"v":1,"d":"1.0"},{"v":1,"d":"1.0"},{"v":1,"d":"1.0"}]
["Tangerina",1,{"v":1,"d":"1.0"},{"v":1,"d":"1.0"},{"v":1,"d":"1.0"},{"v":1,"d":"1.0"}]
["Couve (ou couve-crespa)",1,0.9,0.9,0.9,0.9]
["Repolho",3,0.1,0.3,0.6,0.9]
["Jilo",2,0.2,0.4,0.6,0.8]
["Arroz",1,0.8,0.8,0.8,0.8]
["Pimentao",2,0.1,{"v":0.35,"d":"0.4"},0.6,0.7]
["Acelga",1,0.6,0.6,0.6,0.6]
["Cebolinha",1,0.6,0.6,0.6,0.6]
["Cenoura",1,0.6,0.6,0.6,0.6]
["Abobora (ou jerimum)",1,0.5,0.5,0.5,0.5]
["Maracuja",1,0.5,0.5,0.5,0.5]
["Pepino",1,0.1,0.1,0.1,0.1]
["Fonte: Secretaria de Agricultura e Abastecimento, CDRS/IEA, Projeto LUPA."]